| 000 | 01233cam a2200361 a 4500 | ||
|---|---|---|---|
| 001 | 7221405 | ||
| 003 | ARRUPE | ||
| 005 | 20160316112313.0 | ||
| 008 | 090219s2009 gw b 001 0 eng d | ||
| 020 | _a9783161490507 | ||
| 020 | _a3161490509 | ||
| 029 | 0 |
_aNLGGC _b316724270 |
|
| 035 | _a(OCoLC)ocn378199455 | ||
| 035 | _a(OCoLC)378199455 | ||
| 035 | _a(NNC)7221405 | ||
| 040 |
_aNLGGC _bdut _cNLGGC _efobidrtb _dSYB |
||
| 084 |
_a11.37 _2bcl |
||
| 084 |
_a11.41 _2bcl |
||
| 090 |
_aBS2870.A3 _bB78 2009 |
||
| 100 | 1 |
_aBovon, François. _922941 |
|
| 245 | 1 | 0 |
_aNew Testament and Christian Apocrypha / _cFrançois Bovon ; ed. by Glenn E. Snyder. |
| 260 |
_aMichigan : _bBaker Academic, _c2011. |
||
| 300 |
_aviii, 381 p. ; _c24 cm. |
||
| 490 | 1 |
_aWissenschaftliche Untersuchungen zum Neuen Testament, _x0512-1604 ; _v237 |
|
| 504 | _aIncludes bibliographical references and indexes. | ||
| 650 | 0 |
_aBible (New Testament) _xCriticism _922942 |
|
| 650 | 0 |
_aApocryphal books (New Testament) _xCriticism _922943 |
|
| 700 | 1 |
_aSnyder, Glenn E. _922944 _eed. |
|
| 830 | 0 |
_aWissenschaftliche Untersuchungen zum Neuen Testament ; _v237. _922945 |
|
| 942 |
_2lcc _cMONOGRAPH |
||
| 948 | 1 |
_a20090707 _bc _cvt2130 _dMPS |
|
| 999 |
_c124377 _d124377 |
||